Cơ cấu và tổ chức bên ngoài của tế bào vi khuẩn
Enregistré dans:
| Auteur principal: | |
|---|---|
| Format: | Livre |
| Langue: | Undetermined |
| Publié: |
Cần Thơ
Viện Đại Học Cần Thơ - Đại Học Khoa Học - Ban Vạn Vật Học
1974
|
| Sujets: | |
| Tags: |
Ajouter un tag
Pas de tags, Soyez le premier à ajouter un tag!
|
| Thư viện lưu trữ: | Trung tâm Học liệu Trường Đại học Cần Thơ |
|---|
| LEADER | 00625nam a2200181Ia 4500 | ||
|---|---|---|---|
| 001 | CTU_33727 | ||
| 008 | 210402s9999 xx 000 0 und d | ||
| 082 | |a 579.3 | ||
| 082 | |b L105 | ||
| 100 | |a Lê Thúy Lan | ||
| 245 | 0 | |a Cơ cấu và tổ chức bên ngoài của tế bào vi khuẩn | |
| 245 | 0 | |c Lê Thúy Lan | |
| 260 | |a Cần Thơ | ||
| 260 | |b Viện Đại Học Cần Thơ - Đại Học Khoa Học - Ban Vạn Vật Học | ||
| 260 | |c 1974 | ||
| 650 | |a bacteriology,cell physiology,cytology | ||
| 904 | |i Minh, 991108 | ||
| 980 | |a Trung tâm Học liệu Trường Đại học Cần Thơ | ||